Die höchstrichterliche Rechtsprechung zur Vergewaltigung und sexuellen Nötigung: unverfroren und unbeirrbar

Gespeichert in:  
Bibliographische Detailangaben
1. VerfasserIn: Frommel, Monika 1946-2025 (Verfasst von)
Medienart: Druck Aufsatz
Sprache:Deutsch
Veröffentlicht: 1993
In: Vom Guten, das noch stets das Böse schafft
Jahr: 1993, Seiten: 113-130
Verfügbarkeit prüfen: HBZ Gateway
Schlagwörter:

MARC

LEADER 00000caa a2200000 c 4500
001 1526082691
003 DE-627
005 20240609215310.0
007 tu
008 160223s1993 xx ||||| 00| ||ger c
020 |a 3518286676 
035 |a (DE-627)1526082691 
035 |a (DE-576)456082697 
035 |a (DE-599)BSZ456082697 
040 |a DE-627  |b ger  |c DE-627  |e rakwb 
041 |a ger 
100 1 |a Frommel, Monika  |d 1946-2025  |0 (DE-588)140955682  |0 (DE-627)623033569  |0 (DE-576)32152375X  |4 aut 
109 |a Frommel, Monika 1946-2025  |a Frommel, M. 1946-2025 
245 1 4 |a Die höchstrichterliche Rechtsprechung zur Vergewaltigung und sexuellen Nötigung  |b unverfroren und unbeirrbar  |c Monika Frommel 
264 1 |c 1993 
336 |a Text  |b txt  |2 rdacontent 
337 |a ohne Hilfsmittel zu benutzen  |b n  |2 rdamedia 
338 |a Band  |b nc  |2 rdacarrier 
773 0 8 |i Aus  |t Vom Guten, das noch stets das Böse schafft  |b 1. Aufl.  |d Frankfurt am Main : Suhrkamp, 1993  |g (1993), Seite 113-130  |h 363 S.  |w (DE-627)123319692  |w (DE-576)033375631  |z 3518286676  |7 nnam 
773 1 8 |g year:1993  |g pages:113-130 
889 |w (DE-627)741115220 
935 |a mkri 
935 |i mdedup 
951 |a AR 
ELC |b 1 
LOK |0 000 xxxxxcx a22 zn 4500 
LOK |0 001 2899590707 
LOK |0 003 DE-627 
LOK |0 004 1526082691 
LOK |0 005 20260210115444 
LOK |0 008 160208||||||||||||||||ger||||||| 
LOK |0 040   |a DE-21-110  |c DE-627  |d DE-21-110 
LOK |0 689   |a s  |a Strafrecht 
LOK |0 689   |a s  |a Rechtsprechung 
LOK |0 689   |a s  |a Sexualität 
LOK |0 689   |a s  |a Sexuelle Nötigung 
LOK |0 689   |a s  |a Vergewaltigung 
LOK |0 852   |a DE-21-110 
LOK |0 852 1  |m p  |9 00 
LOK |0 935   |a k110 
LOK |0 938   |k p 
LOK |0 939   |a 08-02-16  |b l01 
ORI |a WA-MARC-krimdoka001.raw